000 00618cam a2200217 4500500
005 20260405003732.0
041 _afre
042 _adc
100 1 0 _aMorel, François
_eauthor
245 0 0 _aConseil n° 30 : vivons en poésie !
260 _c2023.
500 _a80
690 _aConseils
690 _aFrançois Morel
690 _aHumour
690 _aPoésie
690 _aRire
690 _aVoiture
786 0 _nPhilosophie magazine | 171 | 8 | 2023-07-01 | p. 71-72 | 1951-1787
856 4 1 _uhttps://shs.cairn.info/magazine-philosophie-magazine-2023-8-page-71?lang=fr&redirect-ssocas=7080
999 _c2070336
_d2070336